[Event "MCRW_CF32"]
[Site "?"]
[Date "2009.??.??"]
[Round "?"]
[White "Ressler, Dr. Vladimír"]
[Black "Stika, Václav"]
[Result "1-0"]
[WhiteElo "2279"]
[BlackElo "2093"]
[PlyCount "101"]
[EventDate "2009.??.??"]
[EventType "corr"]

1. e4 e5 2. Nf3 Nc6 3. Bb5 a6 4. Ba4 Nf6 5. O-O Be7 6. Nc3 b5 7. Bb3 d6 8. a4
b4 9. Nd5 Bg4 10. c3 Nxe4 11. d4 bxc3 12. bxc3 O-O 13. Re1 Nf6 14. h3 Bxf3 15.
Qxf3 Na5 16. Nxe7+ Qxe7 17. Bc2 Rfe8 18. Bg5 h6 19. Bxf6 Qxf6 20. Qd5 c5 21.
dxe5 dxe5 22. Qxc5 Nb7 23. Qb4 Nd6 24. Rad1 Red8 25. Re2 Rab8 26. Qc5 e4 27.
Red2 Ne8 28. Rxd8 Rxd8 29. Rxd8 Qxd8 30. Qc6 e3 31. fxe3 a5 32. Kf1 g6 33. Ke2
Nf6 34. c4 Kg7 35. Qc5 Qa8 36. Kf1 Kg8 37. Qd6 Ne4 38. Qb6 Qc8 39. Kg1 Ng5 40.
Qxa5 Qxc4 41. Qd2 Qh4 42. a5 Nxh3+ 43. gxh3 Qg3+ 44. Kf1 Qxh3+ 45. Qg2 Qxe3 46.
Qd5 Qc1+ 47. Bd1 Qa1 48. Ke2 Qb2+ 49. Kd3 Qa1 50. Kc4 Qf6 51. Bb3 1-0

[Event "MCRW_CF32"]
[Site "?"]
[Date "2009.??.??"]
[Round "?"]
[White "Ressler, Dr. Vladimír"]
[Black "Cakl, Miloslav"]
[Result "1-0"]
[WhiteElo "2279"]
[BlackElo "1994"]
[PlyCount "91"]
[EventDate "2009.??.??"]
[EventType "corr"]

1. e4 c5 2. Nf3 Nc6 3. d4 cxd4 4. Nxd4 Nf6 5. Nc3 e5 6. Ndb5 d6 7. Bg5 a6 8.
Na3 b5 9. Nd5 Be7 10. Bxf6 Bxf6 11. c3 O-O 12. Nc2 Rb8 13. h4 Be6 14. Nce3 Be7
15. a4 Qd7 16. g3 Qb7 17. Be2 b4 18. Qd3 Bd8 19. Qxa6 bxc3 20. bxc3 Qxa6 21.
Bxa6 g6 22. O-O f5 23. Rfb1 Rxb1+ 24. Rxb1 fxe4 25. Bf1 Kg7 26. Bg2 Rf7 27.
Bxe4 Ra7 28. c4 Na5 29. Bf3 Rb7 30. Rb5 Ra7 31. Nb6 Bxb6 32. Rxb6 Nxc4 33. Nxc4
Bxc4 34. Rb7+ Rxb7 35. Bxb7 d5 36. Kg2 e4 37. a5 d4 38. Bxe4 Kf6 39. Kf3 Ke5
40. Bb7 Kd6 41. Ke4 Kc5 42. a6 d3 43. Ke3 Kb6 44. h5 gxh5 45. f4 Ka7 46. f5 1-0

[Event "MCRW_CF32"]
[Site "?"]
[Date "2009.??.??"]
[Round "?"]
[White "Ressler, Dr. Vladimír"]
[Black "Kolarík, Josef"]
[Result "1/2-1/2"]
[WhiteElo "2279"]
[BlackElo "2227"]
[PlyCount "103"]
[EventDate "2009.??.??"]
[EventType "corr"]

1. e4 c5 2. Nf3 Nc6 3. d4 cxd4 4. Nxd4 Nf6 5. Nc3 d6 6. Bb5 Bd7 7. O-O g6 8.
Be3 Bg7 9. f3 O-O 10. Qd2 Ne5 11. Be2 Rc8 12. Rfd1 a6 13. a4 Re8 14. a5 Nc4 15.
Bxc4 Rxc4 16. Nde2 Qb8 17. b3 Rc7 18. Na2 Bc6 19. Nb4 Nd7 20. Nd4 Rcc8 21. Qe2
Nc5 22. Ndxc6 bxc6 23. Bxc5 dxc5 24. Nxa6 Qb5 25. Qc4 Bd4+ 26. Rxd4 cxd4 27.
Qxb5 cxb5 28. Nb4 Rc5 29. a6 f6 30. f4 Ra8 31. Kf2 Kf7 32. Ke2 h5 33. g3 Ra7
34. Kd2 Ra8 35. Ra5 Kg7 36. Nd5 Rc6 37. Nxe7 Rcxa6 38. Rxb5 R8a7 39. Nd5 Ra1
40. e5 fxe5 41. fxe5 R1a5 42. Nc7 Rxb5 43. Nxb5 Re7 44. Nxd4 Rxe5 45. c4 Kf6
46. Kd3 Re1 47. c5 Rh1 48. Kc4 Rxh2 49. c6 Ke7 50. b4 Kd6 51. b5 Rb2 52. Kc3
1/2-1/2

[Event "MCRW_CF32"]
[Site "?"]
[Date "2009.??.??"]
[Round "?"]
[White "Ressler, Dr. Vladimír"]
[Black "Kuchta, Jirí (*1972)"]
[Result "1/2-1/2"]
[WhiteElo "2279"]
[BlackElo "2204"]
[PlyCount "52"]
[EventDate "2009.??.??"]
[EventType "corr"]

1. e4 c5 2. Nf3 d6 3. d4 cxd4 4. Nxd4 Nf6 5. Nc3 a6 6. Be2 e5 7. Nb3 Be7 8. O-O
O-O 9. Qd3 Nbd7 10. a4 b6 11. Qg3 Kh8 12. Rd1 Bb7 13. f3 Qc7 14. Be3 Nh5 15.
Qe1 h6 16. Qd2 Nhf6 17. Bd3 Kg8 18. Qe2 Rfc8 19. Qf2 Re8 20. Bf1 Bc6 21. Rd2
Rec8 22. Qe1 Re8 23. Qg3 Nh5 24. Qh3 Nhf6 25. Kh1 Rec8 26. Rad1 Rcb8 1/2-1/2

[Event "MCRW_CF32"]
[Site "?"]
[Date "2009.??.??"]
[Round "?"]
[White "Ressler, Dr. Vladimír"]
[Black "Jarabinský, Martin"]
[Result "1/2-1/2"]
[WhiteElo "2279"]
[BlackElo "2115"]
[PlyCount "101"]
[EventDate "2009.??.??"]
[EventType "corr"]

1. e4 e6 2. d4 d5 3. Nd2 c5 4. Ngf3 Nc6 5. exd5 exd5 6. Bb5 Bd6 7. dxc5 Bxc5 8.
O-O Nge7 9. Nb3 Bd6 10. Re1 O-O 11. Bd3 h6 12. c3 Bg4 13. h3 Bh5 14. Be3 Re8
15. Bc5 Bxc5 16. Nxc5 Rb8 17. Qe2 Qd6 18. Nb3 Rbd8 19. Bc2 Qf6 20. Bd1 Bg6 21.
Qb5 Rb8 22. Nc5 Qf4 23. Be2 Be4 24. g3 Qc7 25. Nd2 Bf5 26. Bf1 d4 27. Ndb3 dxc3
28. bxc3 a6 29. Qe2 Rbd8 30. Rad1 Rxd1 31. Rxd1 Bc8 32. Bg2 Rd8 33. Rd2 Rxd2
34. Nxd2 Nd8 35. Qd3 Ne6 36. Nce4 b6 37. c4 a5 38. Nc3 Nc5 39. Qe2 Be6 40. Nd5
Qd6 41. Nb3 Nxb3 42. axb3 Nxd5 43. cxd5 Bd7 44. Qa6 g6 45. Kh2 Kh7 46. h4 h5
47. Qb7 Kg7 48. Bh3 Bxh3 49. Kxh3 Qb4 50. Kg2 Qe4+ 51. Kg1 1/2-1/2

[Event "MCRW_CF32"]
[Site "?"]
[Date "2009.??.??"]
[Round "?"]
[White "Stika, Václav"]
[Black "Ressler, Dr. Vladimír"]
[Result "0-1"]
[WhiteElo "2093"]
[BlackElo "2279"]
[PlyCount "78"]
[EventDate "2009.??.??"]
[EventType "corr"]

1. e4 c5 2. Nf3 d6 3. d4 cxd4 4. Nxd4 Nf6 5. Nc3 Nc6 6. Bg5 a6 7. Qd2 Bd7 8.
O-O-O e6 9. f4 h6 10. Bh4 b5 11. Bxf6 gxf6 12. Nxc6 Bxc6 13. Bd3 b4 14. Ne2 Qb6
15. Kb1 h5 16. Qe1 h4 17. f5 e5 18. Ng1 a5 19. Bc4 a4 20. Nf3 Qc5 21. Qe2 Ke7
22. Rhe1 Bh6 23. b3 Bf4 24. Qd3 Ra7 25. Re2 a3 26. c3 bxc3 27. Qxc3 Rc7 28. Qd3
Rhc8 29. Rc2 Qb4 30. Ka1 Bb5 31. Rb1 Rb7 32. h3 Rbb8 33. Re1 Kf8 34. Rb1 Kg7
35. Qd1 Bxc4 36. bxc4 Qa4 37. Rxb8 Rxb8 38. Qd3 d5 39. cxd5 Qb4 0-1

[Event "MCRW_CF32"]
[Site "?"]
[Date "2009.??.??"]
[Round "?"]
[White "Stika, Václav"]
[Black "Cakl, Miloslav"]
[Result "1/2-1/2"]
[WhiteElo "2093"]
[BlackElo "1994"]
[PlyCount "54"]
[EventDate "2009.??.??"]
[EventType "corr"]

1. e4 c5 2. Nf3 Nc6 3. Nc3 d6 4. d4 cxd4 5. Nxd4 Nf6 6. Bg5 e6 7. Qd2 Be7 8.
O-O-O O-O 9. f4 h6 10. Bh4 Qa5 11. Nxc6 bxc6 12. Kb1 Kh8 13. Bxf6 Bxf6 14. Qxd6
Bb7 15. Qd2 Rad8 16. Bd3 c5 17. e5 Bxe5 18. fxe5 c4 19. Qe2 cxd3 20. Rxd3 Rxd3
21. cxd3 Qc5 22. Rc1 Rd8 23. Na4 Qd4 24. Nc5 Bd5 25. g3 Rc8 26. Nb3 Rxc1+ 27.
Nxc1 Qg1 1/2-1/2

[Event "MCRW_CF32"]
[Site "?"]
[Date "2009.??.??"]
[Round "?"]
[White "Stika, Václav"]
[Black "Kolarík, Josef"]
[Result "1-0"]
[WhiteElo "2093"]
[BlackElo "2227"]
[PlyCount "83"]
[EventDate "2009.??.??"]
[EventType "corr"]

1. e4 c5 2. Nf3 Nc6 3. Bb5 g6 4. Bxc6 dxc6 5. d3 Bg7 6. h3 Nf6 7. Nc3 Nd7 8.
Be3 e5 9. Qd2 h6 10. O-O Qe7 11. Nh2 Nf8 12. f4 exf4 13. Rxf4 Be6 14. Raf1 Nd7
15. R4f2 O-O-O 16. Nf3 g5 17. a4 Rhf8 18. a5 f5 19. exf5 Rxf5 20. b3 Re8 21.
Re1 Ne5 22. Ne4 Kb8 23. Nxe5 Rxe5 24. h4 gxh4 25. Bf4 Kc8 26. Bxe5 Bxe5 27. c3
h3 28. Nxc5 Bd5 29. a6 b5 30. Qxh6 Qxc5 31. d4 Qxc3 32. Rxe5 Rxe5 33. Qh8+ Kd7
34. Qxe5 Qc1+ 35. Rf1 Qd2 36. Qg7+ Kd6 37. Qg3+ Kd7 38. Qxh3+ Kc7 39. Qg3+ Kb6
40. b4 Qb2 41. Re1 Kxa6 42. Kh1 1-0

[Event "MCRW_CF32"]
[Site "?"]
[Date "2009.??.??"]
[Round "?"]
[White "Stika, Václav"]
[Black "Kuchta, Jirí (*1972)"]
[Result "1/2-1/2"]
[WhiteElo "2093"]
[BlackElo "2204"]
[PlyCount "54"]
[EventDate "2009.??.??"]
[EventType "corr"]

1. d4 Nf6 2. c4 e6 3. Nc3 d5 4. cxd5 exd5 5. Bg5 Be7 6. e3 c6 7. Qc2 Nbd7 8.
Nf3 O-O 9. Bd3 Re8 10. h3 Nf8 11. O-O g6 12. Rab1 Ne6 13. Bh4 Ng7 14. b4 a6 15.
a4 Bf5 16. b5 axb5 17. axb5 Bxd3 18. Qxd3 Nf5 19. Bg5 Nd7 20. Bxe7 Qxe7 21. Ra1
Ra3 22. Rxa3 Qxa3 23. Rb1 Rc8 24. Ne1 Kg7 25. bxc6 bxc6 26. Nc2 Qa5 27. Nb4 Ne7
1/2-1/2

[Event "MCRW_CF32"]
[Site "?"]
[Date "2009.??.??"]
[Round "?"]
[White "Stika, Václav"]
[Black "Jarabinský, Martin"]
[Result "1/2-1/2"]
[WhiteElo "2093"]
[BlackElo "2115"]
[PlyCount "64"]
[EventDate "2009.??.??"]
[EventType "corr"]

1. d4 Nf6 2. c4 e6 3. Nf3 d5 4. e3 Be7 5. Nc3 O-O 6. Bd3 c6 7. O-O Nbd7 8. b3
b6 9. Bb2 Bb7 10. Qe2 Qc7 11. Rac1 Rad8 12. Rfd1 Qb8 13. h3 h6 14. a3 a5 15.
Rb1 c5 16. Rbc1 Ne4 17. cxd5 Nxc3 18. Rxc3 Bxd5 19. Bc4 Be4 20. Rcc1 Bf6 21.
Bb5 Bd5 22. Bc4 Be4 23. Nh2 Be7 24. a4 cxd4 25. Rxd4 Nc5 26. Ng4 Rc8 27. Rdd1
Rfd8 28. f3 Bf5 29. Ne5 Bd6 30. f4 Qb7 31. Bd4 Be4 32. Qg4 Bf5 1/2-1/2

[Event "MCRW_CF32"]
[Site "?"]
[Date "2009.??.??"]
[Round "?"]
[White "Cakl, Miloslav"]
[Black "Ressler, Dr. Vladimír"]
[Result "0-1"]
[WhiteElo "1994"]
[BlackElo "2279"]
[PlyCount "140"]
[EventDate "2009.??.??"]
[EventType "corr"]

1. d4 Nf6 2. c4 e6 3. Nf3 Bb4+ 4. Bd2 Qe7 5. g3 O-O 6. Bg2 Bxd2+ 7. Qxd2 d6 8.
Nc3 Nbd7 9. O-O h6 10. e4 e5 11. Rfe1 Re8 12. Nd5 Qd8 13. Rad1 c6 14. Nc3 Qc7
15. b3 Nf8 16. h3 Be6 17. Nh4 Rad8 18. Re3 Bc8 19. d5 c5 20. Nb5 Qb8 21. Rc1 a6
22. Nc3 Qc7 23. Nf5 Bd7 24. Rf3 Bxf5 25. Rxf5 N8d7 26. Bf1 Qa5 27. Qd3 Rc8 28.
Be2 Qb4 29. Kg2 Rb8 30. Rf3 g6 31. Qd2 Kg7 32. Rc2 h5 33. Qg5 Nh7 34. Qh4 Ndf6
35. g4 g5 36. Qg3 h4 37. Qh2 Nf8 38. Rf5 N6h7 39. Bd3 Ng6 40. Ne2 f6 41. Qg1
Qa3 42. Qe1 b5 43. Qa1 Nhf8 44. Rc1 Nd7 45. Rc2 b4 46. Rd2 a5 47. Kg1 a4 48.
Bc2 Nb6 49. Rd3 Nxc4 50. bxc4 b3 51. Kg2 Qxa2 52. Qxa2 bxa2 53. Ra3 Rb2 54. Bd1
Nf4+ 55. Rxf4 exf4 56. Nc3 Reb8 57. Bxa4 R8b4 58. Nxa2 Rxc4 59. Nc3 Rd4 60. Nb5
Rxa4 61. Rxa4 Rxb5 62. Ra6 Rb3 63. Rxd6 f3+ 64. Kh2 Rb2 65. Kg1 Rb1+ 66. Kh2
Rf1 67. Rc6 Rxf2+ 68. Kg1 Rc2 69. d6 Kf7 70. d7 Ke7 0-1

[Event "MCRW_CF32"]
[Site "?"]
[Date "2009.??.??"]
[Round "?"]
[White "Cakl, Miloslav"]
[Black "Stika, Václav"]
[Result "1/2-1/2"]
[WhiteElo "1994"]
[BlackElo "2093"]
[PlyCount "112"]
[EventDate "2009.??.??"]
[EventType "corr"]

1. d4 Nf6 2. c4 e6 3. Nf3 b6 4. g3 Ba6 5. b3 Bb4+ 6. Bd2 Be7 7. Nc3 O-O 8. e4
d5 9. cxd5 Bxf1 10. Kxf1 exd5 11. e5 Ne4 12. Qe2 f5 13. exf6 Nxd2+ 14. Qxd2
Bxf6 15. Kg2 Nc6 16. Rae1 Qd7 17. Re3 Rae8 18. Rhe1 Rxe3 19. Qxe3 Nb4 20. Re2
Nc6 21. Qd3 Ne7 22. b4 c6 23. Re1 Qf5 24. Qd2 Qxf3+ 25. Kxf3 Bg5+ 26. Qf4 Bxf4
27. gxf4 Nf5 28. Rd1 b5 29. Ne2 Kf7 30. Kg4 Kg6 31. Ng3 a5 32. bxa5 Ra8 33.
Nxf5 h5+ 34. Kf3 Kxf5 35. Rc1 Rxa5 36. Rxc6 Ra3+ 37. Kg2 Ke4 38. Rb6 Ra5 39.
Kg3 Kxd4 40. Rb7 g6 41. Rb6 Rxa2 42. Rxb5 Ra6 43. f5 gxf5 44. Rb8 Kc3 45. Rc8+
Kd3 46. Rf8 Ra3 47. Kf4 d4 48. Rxf5 h4 49. Rd5 Ra2 50. Kf3 Kc3 51. Rc5+ Kd2 52.
Kg4 d3 53. Kxh4 Ke2 54. Rd5 d2 55. Kg4 Kxf2 56. Rd8 Ke3 1/2-1/2

[Event "MCRW_CF32"]
[Site "?"]
[Date "2009.??.??"]
[Round "?"]
[White "Cakl, Miloslav"]
[Black "Kolarík, Josef"]
[Result "1/2-1/2"]
[WhiteElo "1994"]
[BlackElo "2227"]
[PlyCount "57"]
[EventDate "2009.??.??"]
[EventType "corr"]

1. d4 Nf6 2. c4 g6 3. Nc3 Bg7 4. e4 O-O 5. Nf3 d6 6. Be2 e5 7. Be3 Ng4 8. Bg5
f6 9. Bc1 Nc6 10. d5 Ne7 11. h3 Nh6 12. O-O Nf7 13. Bd2 f5 14. Qb3 f4 15. Bd3
a6 16. Rfc1 Bd7 17. a4 a5 18. c5 dxc5 19. Qxb7 c6 20. Qb3 Kh8 21. dxc6 Nxc6 22.
Nb5 Rc8 23. Bc4 Ng5 24. Nxg5 Qxg5 25. Qf3 Qd8 26. b3 h6 27. Rab1 Kh7 28. Re1
Rf6 29. Bd5 1/2-1/2

[Event "MCRW_CF32"]
[Site "?"]
[Date "2009.??.??"]
[Round "?"]
[White "Cakl, Miloslav"]
[Black "Kuchta, Jirí (*1972)"]
[Result "0-1"]
[WhiteElo "1994"]
[BlackElo "2204"]
[PlyCount "80"]
[EventDate "2009.??.??"]
[EventType "corr"]

1. d4 Nf6 2. c4 e6 3. Nf3 d5 4. Nc3 Be7 5. Bg5 h6 6. Bxf6 Bxf6 7. e4 dxe4 8.
Nxe4 Nc6 9. d5 Ne5 10. Nxf6+ Qxf6 11. Nxe5 Qxe5+ 12. Qe2 Qxe2+ 13. Kxe2 exd5
14. cxd5 Ke7 15. Ke3 Kd6 16. Kd4 Re8 17. Bc4 Re5 18. f4 Rf5 19. Rhf1 Rh5 20. h3
b5 21. Be2 Rxd5+ 22. Ke3 Bb7 23. Rfd1 Re8+ 24. Kf2 Rxd1 25. Rxd1+ Bd5 26. Bf3
c6 27. Rd3 a5 28. b3 Kc5 29. Rd2 Kb4 30. Bxd5 Rd8 31. g4 Rxd5 32. Rc2 Rd3 33.
Rxc6 Rd2+ 34. Ke3 Rxa2 35. Rc7 Kxb3 36. Rxf7 a4 37. Rxg7 a3 38. h4 Rg2 39. g5
hxg5 40. Kf3 a2 0-1

[Event "MCRW_CF32"]
[Site "?"]
[Date "2009.??.??"]
[Round "?"]
[White "Cakl, Miloslav"]
[Black "Jarabinský, Martin"]
[Result "1/2-1/2"]
[WhiteElo "1994"]
[BlackElo "2115"]
[PlyCount "84"]
[EventDate "2009.??.??"]
[EventType "corr"]

1. d4 Nf6 2. c4 e5 3. dxe5 Ng4 4. Nf3 Bc5 5. e3 Nc6 6. Be2 Ngxe5 7. Nxe5 Nxe5
8. O-O O-O 9. Nc3 Re8 10. Ne4 Bf8 11. f4 Ng6 12. Bd3 c6 13. Qh5 h6 14. Nc3 Qf6
15. Bd2 Qd6 16. Qe2 Qf6 17. Rad1 b6 18. g3 d6 19. Rf2 Bb7 20. e4 Qd8 21. e5 Qc7
22. Be4 dxe5 23. f5 Nh8 24. f6 g6 25. Rb1 Red8 26. Be3 Bc8 27. Qf3 Bd7 28. b4
Rab8 29. Rc2 Qc8 30. Rd2 Be6 31. Rxd8 Qxd8 32. b5 cxb5 33. Nxb5 a6 34. Na7 Bd7
35. Nc6 Bxc6 36. Bxc6 Bc5 37. Bxc5 bxc5 38. Rd1 Qb6 39. Be4 Qb2 40. Qf2 Qa3 41.
Kg2 Kh7 42. h4 Rb2 1/2-1/2

[Event "MCRW_CF32"]
[Site "?"]
[Date "2009.??.??"]
[Round "?"]
[White "Kolarík, Josef"]
[Black "Ressler, Dr. Vladimír"]
[Result "0-1"]
[WhiteElo "2227"]
[BlackElo "2279"]
[PlyCount "100"]
[EventDate "2009.??.??"]
[EventType "corr"]

1. d4 Nf6 2. Nf3 e6 3. g3 Be7 4. Bg2 O-O 5. O-O d5 6. c4 dxc4 7. Qc2 b5 8. a4
b4 9. Ne5 Qxd4 10. Bxa8 Qxe5 11. Bf4 Qh5 12. Bf3 Ng4 13. Bxg4 Qxg4 14. Nd2 e5
15. Be3 Ba6 16. Rac1 c5 17. Qe4 Qe6 18. Nxc4 f5 19. Qxe5 Bxc4 20. Qxe6+ Bxe6
21. Bxc5 Re8 22. Rfd1 Bf6 23. Bd4 Bb3 24. Rd3 Bxd4 25. Rxd4 a5 26. Rc5 Bxa4 27.
Rd2 Nc6 28. b3 Bxb3 29. Rxc6 a4 30. Rb2 Rb8 31. f3 Bf7 32. Ra6 Be8 33. Ra7 b3
34. Kf2 Rd8 35. Ke3 Rd5 36. h4 h6 37. Rd2 Rb5 38. Rb2 Rb4 39. Kd2 Rc4 40. Kd3
Bb5 41. Kd2 h5 42. Rb7 Rc5 43. Ke3 Bc6 44. Rc7 Kh7 45. Kd4 Rc1 46. Ke5 Rc4 47.
Kd6 Bd5 48. Ra7 Rc2 49. Rb1 Bc6 50. Ra5 Be8 0-1

[Event "MCRW_CF32"]
[Site "?"]
[Date "2009.??.??"]
[Round "?"]
[White "Kolarík, Josef"]
[Black "Stika, Václav"]
[Result "1/2-1/2"]
[WhiteElo "2227"]
[BlackElo "2093"]
[PlyCount "83"]
[EventDate "2009.??.??"]
[EventType "corr"]

1. d4 d5 2. Nf3 Nf6 3. g3 c6 4. Bg2 Bf5 5. O-O e6 6. c4 a6 7. Nc3 Nbd7 8. Nh4
Bg4 9. h3 Bh5 10. Qb3 b5 11. c5 e5 12. e3 a5 13. Qc2 e4 14. g4 g5 15. f3 gxh4
16. gxh5 b4 17. Ne2 exf3 18. Bxf3 Rg8+ 19. Kf2 Qe7 20. a3 bxa3 21. Rxa3 Ne4+
22. Bxe4 Qxe4 23. Qxe4+ dxe4 24. Bd2 Rg5 25. Bxa5 Nf6 26. Bc7 Rxa3 27. bxa3
Rf5+ 28. Ke1 Rxf1+ 29. Kxf1 Nxh5 30. a4 Kd7 31. Be5 Kc8 32. Nc3 f5 33. Na2 Bg7
34. Bxg7 Nxg7 35. Nb4 Kb7 36. a5 Ne6 37. a6+ Ka7 38. Nxc6+ Kxa6 39. Ne7 Ng7 40.
Ke2 Kb5 41. Kd2 Ka5 42. Kc3 1/2-1/2

[Event "MCRW_CF32"]
[Site "?"]
[Date "2009.??.??"]
[Round "?"]
[White "Kolarík, Josef"]
[Black "Cakl, Miloslav"]
[Result "1/2-1/2"]
[WhiteElo "2227"]
[BlackElo "1994"]
[PlyCount "45"]
[EventDate "2009.??.??"]
[EventType "corr"]

1. d4 Nf6 2. Nf3 e6 3. g3 d5 4. Bg2 Nc6 5. O-O Bd6 6. c4 O-O 7. b3 b6 8. Nc3
Bb7 9. Bb2 a6 10. Rc1 Re8 11. Na4 Nd7 12. Re1 dxc4 13. bxc4 Rb8 14. Qc2 b5 15.
cxb5 Nb4 16. Qb1 axb5 17. Nc3 c6 18. Ne4 Be7 19. Ne5 Qc7 20. Nxd7 Qxd7 21. Nc5
Qc7 22. e4 Na6 23. Nxb7 1/2-1/2

[Event "MCRW_CF32"]
[Site "?"]
[Date "2009.??.??"]
[Round "?"]
[White "Kolarík, Josef"]
[Black "Kuchta, Jirí (*1972)"]
[Result "1/2-1/2"]
[WhiteElo "2227"]
[BlackElo "2204"]
[PlyCount "41"]
[EventDate "2009.??.??"]
[EventType "corr"]

1. d4 Nf6 2. Nf3 e6 3. g3 b6 4. Bg2 Bb7 5. c4 Be7 6. O-O O-O 7. Nc3 Ne4 8. Bd2
f5 9. Ne5 Nxc3 10. Bxc3 Bxg2 11. Kxg2 Bf6 12. Qd3 a5 13. Rfd1 Na6 14. Nf3 Qc8
15. a3 Qb7 16. b4 axb4 17. axb4 c6 18. Qd2 Nc7 19. Ne5 Rxa1 20. Rxa1 Rd8 21.
Qc1 1/2-1/2

[Event "MCRW_CF32"]
[Site "?"]
[Date "2009.??.??"]
[Round "?"]
[White "Kolarík, Josef"]
[Black "Jarabinský, Martin"]
[Result "1/2-1/2"]
[WhiteElo "2227"]
[BlackElo "2115"]
[PlyCount "67"]
[EventDate "2009.??.??"]
[EventType "corr"]

1. d4 Nf6 2. Nf3 e6 3. g3 d5 4. Bg2 Be7 5. O-O b5 6. b3 Ba6 7. Ne5 Nfd7 8. Nxd7
Nxd7 9. e4 c6 10. Re1 O-O 11. a3 dxe4 12. Bxe4 Qb6 13. b4 Nf6 14. Bg5 Rae8 15.
Bf3 h6 16. Be3 Nd5 17. Nd2 Nxe3 18. fxe3 e5 19. c3 Bc8 20. a4 a6 21. Nb3 Qc7
22. Nc5 Bxc5 23. bxc5 Re6 24. axb5 axb5 25. Qd2 Rfe8 26. Ra8 R6e7 27. Rea1 exd4
28. exd4 Qd7 29. d5 Re3 30. Rf1 Qb7 31. Rfa1 cxd5 32. Bxd5 Qe7 33. Rf1 Kh7 34.
c6 1/2-1/2

[Event "MCRW_CF32"]
[Site "?"]
[Date "2009.??.??"]
[Round "?"]
[White "Kuchta, Jirí (*1972)"]
[Black "Ressler, Dr. Vladimír"]
[Result "1/2-1/2"]
[WhiteElo "2204"]
[BlackElo "2279"]
[PlyCount "39"]
[EventDate "2009.??.??"]
[EventType "corr"]

1. d4 Nf6 2. c4 e6 3. Nc3 Be7 4. Nf3 d5 5. Bg5 h6 6. Bxf6 Bxf6 7. e3 O-O 8. Rc1
c6 9. Bd3 Nd7 10. O-O dxc4 11. Bxc4 e5 12. Ne4 exd4 13. Nxf6+ Nxf6 14. Qxd4 Bg4
15. Rfd1 Qxd4 16. Rxd4 Bxf3 17. gxf3 Rfd8 18. Rcd1 Rxd4 19. Rxd4 Kf8 20. a4
1/2-1/2

[Event "MCRW_CF32"]
[Site "?"]
[Date "2009.??.??"]
[Round "?"]
[White "Kuchta, Jirí (*1972)"]
[Black "Stika, Václav"]
[Result "1/2-1/2"]
[WhiteElo "2204"]
[BlackElo "2093"]
[PlyCount "57"]
[EventDate "2009.??.??"]
[EventType "corr"]

1. e4 e5 2. Nf3 Nc6 3. Bb5 a6 4. Ba4 d6 5. O-O Nf6 6. Re1 Be7 7. c3 Bg4 8. h3
Bh5 9. d3 b5 10. Bb3 O-O 11. Nbd2 Na5 12. Bc2 c5 13. Nf1 Bg6 14. Ng3 Qc7 15.
Nh4 d5 16. Qe2 dxe4 17. Nxe4 Nd5 18. Nxg6 hxg6 19. Ng5 Bf6 20. Qe4 Rad8 21. Qh4
Bxg5 22. Bxg5 Rd7 23. Qe4 Qd6 24. a3 Nc6 25. Bb3 Nf4 26. Rad1 Rb8 27. Ba2 Nd5
28. Bh4 Rc8 29. Qf3 1/2-1/2

[Event "MCRW_CF32"]
[Site "?"]
[Date "2009.??.??"]
[Round "?"]
[White "Kuchta, Jirí (*1972)"]
[Black "Cakl, Miloslav"]
[Result "1/2-1/2"]
[WhiteElo "2204"]
[BlackElo "1994"]
[PlyCount "66"]
[EventDate "2009.??.??"]
[EventType "corr"]

1. e4 c5 2. Nf3 Nc6 3. d4 cxd4 4. Nxd4 Nf6 5. Nc3 e5 6. Ndb5 d6 7. Bg5 a6 8.
Na3 b5 9. Nd5 Be7 10. Bxf6 Bxf6 11. c3 O-O 12. Nc2 Rb8 13. h4 Be6 14. Nce3 Be7
15. Qf3 b4 16. Bxa6 bxc3 17. bxc3 Qa5 18. Bd3 Rfc8 19. Nc4 Qd8 20. h5 Na5 21.
Nce3 Bg5 22. O-O Bxe3 23. Qxe3 Nc4 24. Bxc4 Rxc4 25. h6 Bxd5 26. exd5 Rbc8 27.
Rfc1 g6 28. Rab1 Qa5 29. Qd2 R4c5 30. Qg5 Qd8 31. Qxd8+ Rxd8 32. c4 Rdc8 33.
Kh2 Kf8 1/2-1/2

[Event "MCRW_CF32"]
[Site "?"]
[Date "2009.??.??"]
[Round "?"]
[White "Kuchta, Jirí (*1972)"]
[Black "Kolarík, Josef"]
[Result "1-0"]
[WhiteElo "2204"]
[BlackElo "2227"]
[PlyCount "43"]
[EventDate "2009.??.??"]
[EventType "corr"]

1. e4 c5 2. Nf3 Nc6 3. d4 cxd4 4. Nxd4 Nf6 5. Nc3 d6 6. Bg5 Bd7 7. Qd2 Rc8 8.
f4 h6 9. Bxf6 gxf6 10. O-O-O Nxd4 11. Qxd4 Qa5 12. Kb1 Qc5 13. Qd3 Bg7 14. Qg3
Rg8 15. Rd5 Qb6 16. f5 Bc6 17. Rd2 Qa5 18. Bc4 Qe5 19. Qg4 Qc5 20. Bb3 Kf8 21.
Qh5 b5 22. Qxf7# 1-0

[Event "MCRW_CF32"]
[Site "?"]
[Date "2009.??.??"]
[Round "?"]
[White "Kuchta, Jirí (*1972)"]
[Black "Jarabinský, Martin"]
[Result "1/2-1/2"]
[WhiteElo "2204"]
[BlackElo "2115"]
[PlyCount "45"]
[EventDate "2009.??.??"]
[EventType "corr"]

1. e4 d5 2. exd5 Qxd5 3. Nc3 Qd6 4. d4 Nf6 5. Nf3 a6 6. g3 Bg4 7. Bg2 c6 8. Bf4
Qd8 9. O-O e6 10. Re1 Bd6 11. Ne2 O-O 12. c4 Bxf4 13. Nxf4 Nbd7 14. h3 Bxf3 15.
Qxf3 Qc7 16. Qc3 Rfd8 17. Rab1 Nb6 18. Rbd1 h6 19. a3 a5 20. Nd3 a4 21. Bf3 Nc8
22. Ne5 Ne7 23. c5 1/2-1/2

[Event "MCRW_CF32"]
[Site "?"]
[Date "2009.??.??"]
[Round "?"]
[White "Jarabinský, Martin"]
[Black "Ressler, Dr. Vladimír"]
[Result "1/2-1/2"]
[WhiteElo "2115"]
[BlackElo "2279"]
[PlyCount "76"]
[EventDate "2009.??.??"]
[EventType "corr"]

1. e4 c5 2. Nc3 Nc6 3. Nf3 e5 4. Bc4 Be7 5. d3 d6 6. Nd2 Nf6 7. Nf1 Bg4 8. f3
Be6 9. Ne3 O-O 10. O-O Rb8 11. a4 Nh5 12. Ncd5 h6 13. g3 Nf6 14. f4 exf4 15.
Nxf4 Bxc4 16. Nxc4 d5 17. exd5 Nxd5 18. Nxd5 Qxd5 19. Qg4 f5 20. Qf3 Rbd8 21.
Bf4 Bf6 22. Rae1 g5 23. Bc7 Qxf3 24. Rxf3 Rd5 25. Kg2 Rc8 26. Ba5 Bxb2 27. Nxb2
Nxa5 28. Nd1 Rf8 29. Re6 Rd4 30. Rxh6 Kg7 31. Re6 Rxa4 32. Re5 c4 33. Ne3 cxd3
34. Nxf5+ Kf6 35. Rc5 b6 36. Rc7 Ke5 37. Re7+ Kf6 38. Rc7 Ke5 1/2-1/2

[Event "MCRW_CF32"]
[Site "?"]
[Date "2009.??.??"]
[Round "?"]
[White "Jarabinský, Martin"]
[Black "Stika, Václav"]
[Result "1-0"]
[WhiteElo "2115"]
[BlackElo "2093"]
[PlyCount "99"]
[EventDate "2009.??.??"]
[EventType "corr"]

1. e4 e5 2. Nf3 Nc6 3. Bb5 a6 4. Ba4 Nf6 5. O-O b5 6. Bb3 Bb7 7. d3 Bd6 8. c3
O-O 9. Nbd2 Na5 10. Bc2 Re8 11. b4 Nc6 12. a4 Qe7 13. Qe2 Nh5 14. g3 Nf6 15.
Bb2 g6 16. Bb3 Nd8 17. Rfe1 Nc6 18. h3 h6 19. d4 exd4 20. axb5 dxc3 21. Bxc3
Nxb4 22. e5 Bc5 23. Bxb4 Bxb4 24. bxa6 Bxf3 25. Qxf3 Nh7 26. Re2 Ng5 27. Qd3
Kg7 28. f4 Ne6 29. Ne4 Nc5 30. Nxc5 Qxc5+ 31. Kg2 Qc3 32. Qd1 c5 33. Rc1 Qd4
34. Qc2 Ra7 35. Rd1 Qc3 36. Qa2 d6 37. e6 fxe6 38. Bc4 d5 39. Bxd5 h5 40. Bxe6
h4 41. gxh4 Qf6 42. Rd7+ Rxd7 43. Bxd7 Ra8 44. Bb5 Qxf4 45. Re7+ Kh6 46. Qb2
Qd4 47. Qxd4 cxd4 48. Re6 Ra7 49. Kg3 Kg7 50. Bd3 1-0

[Event "MCRW_CF32"]
[Site "?"]
[Date "2009.??.??"]
[Round "?"]
[White "Jarabinský, Martin"]
[Black "Cakl, Miloslav"]
[Result "1-0"]
[WhiteElo "2115"]
[BlackElo "1994"]
[PlyCount "79"]
[EventDate "2009.??.??"]
[EventType "corr"]

1. e4 c5 2. Nc3 Nc6 3. Nf3 e5 4. Bc4 Be7 5. d3 Nf6 6. Nd2 d6 7. Nf1 Bg4 8. f3
Be6 9. Ne3 h5 10. h3 h4 11. Ned5 Nh5 12. O-O O-O 13. Nxe7+ Qxe7 14. a4 Nf4 15.
a5 Qg5 16. Bxf4 exf4 17. Kh1 Rad8 18. Qd2 Nd4 19. Nd5 Rc8 20. c3 Bxd5 21. Bxd5
Nc6 22. d4 Rfd8 23. b4 cxb4 24. cxb4 Qf6 25. Rfd1 Rd7 26. Rac1 Rdc7 27. b5 Ne7
28. Rxc7 Rxc7 29. e5 Qh6 30. Qa2 Nxd5 31. Qxd5 Qe6 32. Qxd6 Rc8 33. Kh2 g6 34.
Qa3 Rc4 35. d5 Qxe5 36. d6 Rc8 37. d7 Rd8 38. Qb4 Kh7 39. Qc4 Qe7 40. Qc7 1-0